Americanismos: diccionario ilustrado Sopena
Guardat en:
| Format: | Llibre |
|---|---|
| Idioma: | espanyol |
| Publicat: |
Barcelona
Sopena
1983
|
| Matèries: | |
| Etiquetes: |
Afegir etiqueta
Sense etiquetes, Sigues el primer a etiquetar aquest registre!
|
MARC
| LEADER | 00000nam a2200000 a 4500 | ||
|---|---|---|---|
| 001 | UCW8110 | ||
| 003 | CL-VaPUC | ||
| 008 | 880518e19830000SP |||||||||||||||||spa|d | ||
| 082 | 0 | 4 | |a 467.98 |b AME |2 21 |
| 245 | 1 | 0 | |a Americanismos: diccionario ilustrado Sopena |
| 300 | |a 670 p | ||
| 942 | |c BK | ||
| 945 | |d 19880518 00:00:00 | ||
| 260 | |a Barcelona |b Sopena |c 1983 | ||
| 650 | 0 | |a Americanismos |9 255374 | |
| 650 | 0 | |a Diccionarios |9 256200 | |
| 650 | 0 | |a Español |9 255372 | |
| 583 | |a last modification |c 19880518 00:00:00 |k Rodrigo Vera | ||
| 999 | |c 220587 |d 220585 | ||
| 952 | |0 0 |1 0 |4 0 |6 467_980000000000000_AME_1983 |7 0 |8 X |9 213030 |a BIBCUR |b BIBCUR |d 2019-11-15 |i 2813467 |o 467.98 AME 1983 |p 2813467 |r 2025-04-22 |w 2019-11-15 |y BK_X |k BCB | ||
| 952 | |0 0 |1 0 |4 0 |6 467_980000000000000_AME_1983 |7 0 |8 X |9 213031 |a BIBEDU |b BIBEDU |d 2019-11-15 |i 3160289 |o 467.98 AME 1983 |p 3160289 |r 2023-01-13 |w 2019-11-15 |y BK_X |k LIT | ||